[Event "Nuremberg Zabo op 23rd"]
[Site "Nuremberg"]
[Date "2023.09.16"]
[Round "2"]
[White "Bruss, Robert"]
[Black "Martick, Ralph"]
[Result "1-0"]
[WhiteElo "1875"]
[BlackElo "1631"]
[PlyCount "81"]
[EventDate "2023.09.15"]
[EventType "swiss"]
[EventRounds "5"]
[EventCountry "GER"]
[SourceTitle "CBM 216 Extra"]
[Source "ChessBase"]
[SourceDate "2023.11.30"]
[SourceVersion "1"]
[SourceVersionDate "2023.11.30"]
[SourceQuality "1"]

1. d4 d5 2. c4 e6 3. Nc3 a6 4. e3 Nf6 5. Nf3 Be7 6. b3 Bb4 7. Bd2 c6 8. Bd3 Bxc3 9. Bxc3 b5 10. 0-0 0-0 11. a4 bxc4 12. bxc4 a5 13. Ne5 Qc7 14. Qd2 Nbd7 15. Rac1 dxc4 16. Nxc4 Nd5 17. Bxa5 Qa7 18. e4 Ba6 19. exd5 cxd5 20. Bb4 dxc4 21. Bxf8 cxd3 22. Bc5 Qb7 23. Rfd1 Qd5 24. a5 e5 25. Bb6 exd4 26. Qf4 Nf6 27. f3 Nd7 28. Bxd4 Qxa5 29. Qg4 Ne5 30. Qe4 Re8 31. f4 d2 32. Ra1 Qb5 33. fxe5 f6 34. Qb1 Qe2 35. Qa2+ Bc4 36. Qxd2 Qh5 37. Qe3 fxe5 38. Bc5 e4 39. Re1 Bd3 40. Ra7 Qg6 41. Bd4 1-0

[Event "Nuremberg Zabo op 23rd"]
[Site "Nuremberg"]
[Date "2023.09.15"]
[Round "1"]
[White "Loew, Gerald"]
[Black "Bruss, Robert"]
[Result "1-0"]
[WhiteElo "2147"]
[BlackElo "1875"]
[PlyCount "55"]
[EventDate "2023.09.15"]
[EventType "swiss"]
[EventRounds "5"]
[EventCountry "GER"]
[SourceTitle "CBM 216 Extra"]
[Source "ChessBase"]
[SourceDate "2023.11.30"]
[SourceVersion "1"]
[SourceVersionDate "2023.11.30"]
[SourceQuality "1"]

1. c4 Nf6 2. Nc3 c5 3. g3 Nc6 4. Bg2 d6 5. a3 g6 6. Rb1 a5 7. Nh3 Bg7 8. Nf4 0-0 9. h4 Ng4 10. d3 Nd4 11. Bd2 Rb8 12. b4 Ne5 13. bxa5 Qxa5 14. Nb5 Qa6 15. Nd5 e6 16. Ne7+ Kh8 17. f4 Bd7 18. Nxd4 cxd4 19. fxe5 Bxe5 20. 0-0 Bxg3 21. Bh6 Bxh4 22. Bxf8 Rxf8 23. Rxb7 Be8 24. Qd2 g5 25. Qb4 Bg3 26. c5 d5 27. c6 Kg7 28. Qxd4+ 1-0

[Event "Mittelfranken Landesliga Nord 2223"]
[Site "Mittelfranken"]
[Date "2022.10.09"]
[Round "1.8"]
[White "Bruss, Robert"]
[Black "Saathoff, Richard"]
[Result "0-1"]
[WhiteElo "1891"]
[BlackElo "2001"]
[PlyCount "96"]
[EventDate "2022.10.09"]
[EventType "team-tourn"]
[EventRounds "9"]
[EventCountry "GER"]
[SourceTitle "EXT 2024"]
[Source "ChessBase"]
[SourceDate "2023.10.10"]
[SourceVersion "1"]
[SourceVersionDate "2023.10.10"]
[SourceQuality "1"]
[WhiteTeam "Altensittenbach"]
[BlackTeam "Nuernberg Sued SW"]
[WhiteTeamCountry "GER"]
[BlackTeamCountry "GER"]

1. d4 Nf6 2. c4 g6 3. Nc3 Bg7 4. e4 d6 5. Nf3 0-0 6. Be2 e5 7. 0-0 Nc6 8. d5 Ne7 9. b4 Nh5 10. Re1 a5 11. Ba3 axb4 12. Bxb4 Nf4 13. Bf1 b6 14. a4 f5 15. Ra3 fxe4 16. Nxe4 Bg4 17. h3 Bd7 18. a5 Nc8 19. Kh2 h6 20. Qb3 Kh8 21. Qe3 g5 22. g3 Nh5 23. Rea1 Nf6 24. Bd3 b5 25. Nfd2 bxc4 26. Bxc4 Ne7 27. Nxf6 Rxf6 28. g4 Rf4 29. Ne4 Ng6 30. Bc3 Nh4 31. Nd2 Qf8 32. Kg3 Qf7 33. f3 h5 34. Bd3 c6 35. Be4 cxd5 36. Bb4 dxe4 37. Rc1 d5 38. fxe4 d4 39. Qe2 hxg4 40. Qc4 Be6 41. Qc7 Qg6 42. a6 gxh3 43. a7 Qh5 44. Qb8+ Kh7 45. Rg1 Qg4+ 46. Kh2 Rf2+ 47. Kh1 Qe2 48. Nf1 Qxe4+ 0-1

[Event "Mittelfrank Regionalliga Nord-Ost 2122"]
[Site "Mittelfranken"]
[Date "2022.03.20"]
[Round "4.6"]
[White "Schoen, Rudolf"]
[Black "Bruss, Robert"]
[Result "0-1"]
[WhiteElo "1864"]
[BlackElo "1900"]
[PlyCount "106"]
[EventDate "2021.10.24"]
[EventType "team-tourn"]
[EventRounds "9"]
[EventCountry "GER"]
[SourceTitle "EXT 2024"]
[Source "ChessBase"]
[SourceDate "2023.10.10"]
[SourceVersion "1"]
[SourceVersionDate "2023.10.10"]
[SourceQuality "1"]
[WhiteTeam "Windischeschenbach"]
[BlackTeam "Fuerth SG"]
[WhiteTeamCountry "GER"]
[BlackTeamCountry "GER"]

1. e4 c5 2. Nc3 d6 3. f4 Nc6 4. Nf3 g6 5. Bb5 Bg7 6. Bxc6+ bxc6 7. d3 Nf6 8. 0-0 0-0 9. Qe1 Qb6 10. Kh1 a5 11. Qh4 Re8 12. Rb1 Nd7 13. Ne2 Nf8 14. f5 c4 15. Bh6 Ra7 16. Bxg7 Kxg7 17. Nf4 f6 18. Qg3 Qd8 19. fxg6 hxg6 20. Nxg6 Nxg6 21. Nh4 Rg8 22. Qxg6+ Kf8 23. Qh6+ Ke8 24. dxc4 c5 25. a4 Bb7 26. Rbe1 Kd7 27. Nf5 Kc6 28. Qh7 Bc8 29. Ne3 Rb7 30. b3 Kb6 31. Qh4 Ka6 32. Qf4 Rg6 33. Nf5 Rd7 34. Rd1 Bb7 35. Nh4 Rg5 36. Nf5 Ka7 37. Ne3 Qg8 38. Rd2 Qh7 39. Nd5 Rd8 40. Rd3 Bc8 41. Ne3 Rh5 42. Nd5 Rh4 43. g4 Rxg4 44. Qd2 Qxe4+ 45. Rdf3 Ka6 46. Nc3 Qg6 47. Nd5 Rg8 48. Qf2 Bb7 49. c3 Rg2 50. Qe3 Qc2 51. R3f2 Rxf2 52. Qxf2 Qxb3 53. Rg1 Qxc4 0-1

[Event "Bayern-ch 92th"]
[Site "Lichtenfels"]
[Date "2021.08.25"]
[Round "6"]
[White "Birkholz, Olga"]
[Black "Bruss, Robert"]
[Result "1-0"]
[WhiteElo "2018"]
[BlackElo "1800"]
[PlyCount "77"]
[EventDate "2021.08.22"]
[EventType "swiss"]
[EventRounds "9"]
[EventCountry "GER"]
[SourceTitle "EXT 2023"]
[Source "ChessBase"]
[SourceDate "2022.10.05"]
[SourceVersion "1"]
[SourceVersionDate "2022.10.05"]
[SourceQuality "1"]

1. e4 c5 2. Nf3 d6 3. c3 Nf6 4. Be2 Nc6 5. Qc2 Bg4 6. Na3 d5 7. d3 e5 8. h3 Bh5 9. Bg5 Bg6 10. 0-0-0 Be7 11. Nh4 h6 12. Nxg6 fxg6 13. exd5 Nxd5 14. Bxe7 Qxe7 15. Bf3 0-0-0 16. Kb1 Kb8 17. Rhe1 Qf6 18. Qb3 Nb6 19. Nc4 e4 20. Bxe4 Nxc4 21. Qxc4 Rc8 22. Qxc5 Ka8 23. f3 Rc7 24. Bxc6 Rxc6 25. Qe5 Qh4 26. Qxg7 Rhc8 27. Re4 Qg5 28. Qd7 Kb8 29. Qg4 Qa5 30. Qf4+ Ka8 31. Ra4 Qb5 32. Rb4 Qd5 33. Qd4 Qg5 34. Qg4 Qd5 35. Qe4 Qg5 36. f4 Qf6 37. Re1 R8c7 38. Qe8+ Rc8 39. Qe7 1-0

[Event "Bayern-ch 92th"]
[Site "Lichtenfels"]
[Date "2021.08.22"]
[Round "1"]
[White "Bruss, Robert"]
[Black "Koehler, Lukas"]
[Result "1/2-1/2"]
[WhiteElo "1800"]
[BlackElo "2102"]
[PlyCount "71"]
[EventDate "2021.08.22"]
[EventType "swiss"]
[EventRounds "9"]
[EventCountry "GER"]
[SourceTitle "EXT 2023"]
[Source "ChessBase"]
[SourceDate "2022.10.05"]
[SourceVersion "1"]
[SourceVersionDate "2022.10.05"]
[SourceQuality "1"]

1. d4 Nf6 2. c4 g6 3. Nc3 Bg7 4. e4 d6 5. Be2 0-0 6. Nf3 e5 7. 0-0 Nc6 8. d5 Ne7 9. b4 a5 10. Ba3 axb4 11. Bxb4 b6 12. a4 Ne8 13. a5 c5 14. dxc6 Nxc6 15. Ba3 Nxa5 16. Nb5 Nb7 17. Qd5 Rb8 18. Rfd1 Be6 19. Qd3 Rc8 20. Rac1 Nc5 21. Bxc5 Rxc5 22. Nxd6 Nxd6 23. Qxd6 Qxd6 24. Rxd6 b5 25. Ng5 Bxc4 26. Bxc4 bxc4 27. Rc2 h6 28. Nf3 Rfc8 29. Kf1 Kf8 30. Ra6 Ke7 31. Ke2 R8c7 32. Nd2 h5 33. Ra4 c3 34. Nb1 Bh6 35. Ra6 Bd2 36. Nxd2 1/2-1/2

[Event "Mittelfranken-chTB2a 1920"]
[Site "Mittelfranken"]
[Date "2020.02.16"]
[Round "6.3"]
[White "Bobzin, Johannes"]
[Black "Bruss, Robert"]
[Result "0-1"]
[WhiteElo "1695"]
[BlackElo "1886"]
[PlyCount "63"]
[EventDate "2019.10.13"]
[EventType "team-tourn"]
[EventRounds "9"]
[EventCountry "GER"]
[SourceTitle "EXT 2023"]
[Source "ChessBase"]
[SourceDate "2022.10.05"]
[SourceVersion "1"]
[SourceVersionDate "2022.10.05"]
[SourceQuality "1"]
[WhiteTeam "Bubenreuth"]
[BlackTeam "Fuerth SG II"]
[WhiteTeamCountry "GER"]
[BlackTeamCountry "GER"]

1. e4 e6 2. d4 d5 3. Nc3 Nf6 4. exd5 exd5 5. Nf3 Bd6 6. Bg5 c6 7. Qd3 0-0 8. 0-0-0 b5 9. Ne5 a5 10. h4 h6 11. Be3 a4 12. Be2 b4 13. Nb1 Ne4 14. Rdg1 Bxe5 15. dxe5 Ba6 16. Qd1 Qe7 17. Bd4 c5 18. Bxa6 Rxa6 19. f3 Ng3 20. Rh3 cxd4 21. Rxg3 Qxe5 22. Qe1 Qf4+ 23. Kd1 d3 24. Rg4 dxc2+ 25. Kxc2 Rc8+ 26. Kd3 Qf5+ 27. Kd4 Nc6+ 28. Kc5 Ra5+ 29. Kb6 Qd7 30. Rxg7+ Kxg7 31. Qg3+ Kf8 32. Qd6+ 0-1

[Event "Mittelfranken-chTB2a 1920"]
[Site "Mittelfranken"]
[Date "2019.12.01"]
[Round "3.2"]
[White "Bruss, Robert"]
[Black "Augustin, Achim"]
[Result "1/2-1/2"]
[WhiteElo "1886"]
[BlackElo "1881"]
[PlyCount "70"]
[EventDate "2019.10.13"]
[EventType "team-tourn"]
[EventRounds "9"]
[EventCountry "GER"]
[SourceTitle "EXT 2023"]
[Source "ChessBase"]
[SourceDate "2022.10.05"]
[SourceVersion "1"]
[SourceVersionDate "2022.10.05"]
[SourceQuality "1"]
[WhiteTeam "Fuerth SG II"]
[BlackTeam "Nuernberg Sued SW IV"]
[WhiteTeamCountry "GER"]
[BlackTeamCountry "GER"]

1. d4 c5 2. d5 e5 3. c4 d6 4. Nc3 Be7 5. Nf3 Nf6 6. Qc2 Nbd7 7. g3 Nf8 8. Bg2 Ng6 9. 0-0 0-0 10. Nd2 Ng4 11. h3 Nh6 12. e4 Bg5 13. a3 f5 14. exf5 Nxf5 15. Nf3 Bxc1 16. Raxc1 Nd4 17. Nxd4 cxd4 18. Ne4 Bf5 19. b4 b6 20. Qa4 Rc8 21. Qd1 Qd7 22. Ng5 h6 23. Ne6 Rf6 24. f4 Nf8 25. fxe5 dxe5 26. Qh5 Bg6 27. Qxe5 Rxf1+ 28. Rxf1 Nxe6 29. dxe6 Qc7 30. Qxd4 Qxc4 31. Qd7 Qc7 32. Bb7 Qxg3+ 33. Bg2 Rc2 34. Qd5 Kh7 35. Kh1 Re2 1/2-1/2

[Event "Mittelfranken-chTB2a 1920"]
[Site "Mittelfranken"]
[Date "2019.11.03"]
[Round "2.3"]
[White "Bruss, Robert"]
[Black "Schmidt, Martin8"]
[Result "1-0"]
[WhiteElo "1886"]
[BlackElo "1676"]
[PlyCount "51"]
[EventDate "2019.10.13"]
[EventType "team-tourn"]
[EventRounds "9"]
[EventCountry "GER"]
[SourceTitle "EXT 2023"]
[Source "ChessBase"]
[SourceDate "2022.10.05"]
[SourceVersion "1"]
[SourceVersionDate "2022.10.05"]
[SourceQuality "1"]
[WhiteTeam "Fuerth SG II"]
[BlackTeam "Dombuehl"]
[WhiteTeamCountry "GER"]
[BlackTeamCountry "GER"]

1. d4 e6 2. c4 f5 3. Nf3 Nf6 4. g3 d5 5. Bg2 c6 6. Bf4 Bb4+ 7. Nbd2 0-0 8. c5 Ne4 9. 0-0 Bxd2 10. Nxd2 g5 11. Nxe4 dxe4 12. Bd6 Rf7 13. f3 exf3 14. Bxf3 Nd7 15. e4 Nf6 16. d5 g4 17. Bg2 exd5 18. exd5 Bd7 19. Qb3 Qc8 20. Rae1 cxd5 21. Re7 Bc6 22. Rfe1 a5 23. R1e5 a4 24. Qe3 Rxe7 25. Rxe7 Qf8 26. Qe6+ 1-0

[Event "Nuremberg Zabo op 20th"]
[Site "Nuremberg"]
[Date "2018.09.15"]
[Round "1"]
[White "Albayrak, Nese Pinar"]
[Black "Bruss, Robert"]
[Result "1/2-1/2"]
[WhiteElo "1489"]
[BlackElo "1868"]
[PlyCount "61"]
[EventDate "2018.09.15"]
[EventType "swiss"]
[EventRounds "5"]
[EventCountry "GER"]
[SourceTitle "EXT 2020"]
[Source "ChessBase"]
[SourceDate "2019.10.17"]
[SourceVersion "1"]
[SourceVersionDate "2019.10.17"]
[SourceQuality "1"]

1. e4 e6 2. d4 d5 3. Nd2 Nf6 4. e5 Nfd7 5. Ngf3 c5 6. c3 Nc6 7. Be2 Be7 8. 0-0 0-0 9. Re1 f6 10. exf6 Nxf6 11. Nf1 Qb6 12. Qb3 cxd4 13. Qxb6 axb6 14. cxd4 Nb4 15. Rd1 Rxa2 16. Rxa2 Nxa2 17. Bf4 Ne4 18. Be5 Nb4 19. N1d2 Nd6 20. Rc1 Nc6 21. Bg3 Nf5 22. Be5 Nxe5 23. dxe5 Bd7 24. g4 Nh6 25. Rc7 Rd8 26. h3 Bc5 27. Rxb7 Nf7 28. Nb3 Ba4 29. Nxc5 bxc5 30. b3 Bc6 31. Rc7 1/2-1/2